[Event "Dutch Open 2024"]
[Site "Velp, Netherlands"]
[Date "2024.07.23"]
[Round "1.1"]
[White "Beerdsen, Thomas"]
[Black "Schroeder, Lennart"]
[Result "1-0"]
[WhiteElo "2510"]
[BlackElo "2146"]
[PlyCount "147"]

1. e4 c5 2. Nf3 Nc6 3. Bb5 g6 4. O-O Bg7 5. c3 Nf6 6. Re1 O-O 7. h3 d5 8. e5
Ne8 9. Bxc6 bxc6 10. d4 c4 11. b3 cxb3 12. axb3 Nc7 13. Ba3 Re8 14. Bb4 Bf8 15.
Qc1 Bf5 16. Nbd2 Qc8 17. Ra5 Bh6 18. Qd1 Ne6 19. Nh4 Nf4 20. Nxf5 Qxf5 21. Re3
Qh5 22. Qf1 Ne6 23. g4 Qg5 24. Nf3 Qf4 25. Ra6 f5 26. Qg2 Rac8 27. Rxa7 Ra8 28.
Ra4 Rxa4 29. bxa4 c5 30. Bxc5 Nxc5 31. dxc5 Qxa4 32. g5 Bf8 33. e6 Bg7 34. Ne5
Qd1+ 35. Qf1 Qxf1+ 36. Kxf1 Rc8 37. Nd7 Rc6 38. f4 Ra6 39. Kg2 Rc6 40. Kf3 Ra6
41. h4 Rc6 42. Kg2 Ra6 43. Kh3 Rc6 44. h5 gxh5 45. Kh4 d4 46. cxd4 Bxd4 47. Re2
Ra6 48. Rc2 Rc6 49. Kxh5 Kg7 50. Kh4 Kg8 51. Rc4 Bf2+ 52. Kh3 Kg7 53. Kg2 Be3
54. Kf3 Bg1 55. Kg2 Be3 56. Kf3 Bg1 57. Rc1 Bd4 58. Rc2 Bg1 59. Re2 Bd4 60. Rd2
Bc3 61. Rd5 Rxe6 62. Rxf5 h6 63. Ne5 hxg5 64. Rxg5+ Kf8 65. Ke4 Ra6 66. Kd5 e6+
67. Kc4 Bd2 68. Kb5 Ra1 69. c6 Ba5 70. Rg6 Ke7 71. Rg7+ Kd8 72. Ra7 Bc3 73.
Nf7+ Ke8 74. Nd6+ 1-0

[Event "Dutch Open 2024"]
[Site "Velp, Netherlands"]
[Date "2024.07.23"]
[Round "1.2"]
[White "Hng, Mei-En Emmanuelle"]
[Black "Buckels, Valentin"]
[Result "1/2-1/2"]
[WhiteElo "2144"]
[BlackElo "2478"]
[PlyCount "129"]

1. e4 e5 2. Nf3 Nc6 3. Bb5 a6 4. Ba4 Nf6 5. O-O Be7 6. Bxc6 dxc6 7. Nxe5 Nxe4
8. Qe2 Nf6 9. Re1 Be6 10. d3 Nd7 11. Bf4 Nxe5 12. Bxe5 Qd7 13. Nd2 O-O 14. Qe3
Rac8 15. Qg3 g6 16. Ne4 f6 17. Bc3 Rce8 18. Re3 Qd5 19. Qh4 Qd8 20. Rae1 Rf7
21. Qf4 Ref8 22. h4 Bd5 23. h5 Bd6 24. Nxd6 Qxd6 25. Qxd6 cxd6 26. h6 c5 27.
Re7 g5 28. b3 Bc6 29. Bd2 Rd8 30. f4 Kf8 31. R7e6 Bd5 32. R6e2 gxf4 33. Bxf4
Rfd7 34. Rf2 Kf7 35. Bg5 Kg6 36. Bxf6 Rf8 37. Bg7 Rxf2 38. Kxf2 Rf7+ 39. Kg1
Rf4 40. Rf1 Rg4 41. Rf2 b5 42. Bf8 c4 43. dxc4 bxc4 44. Rd2 cxb3 45. axb3 Be4
46. Bxd6 Kxh6 47. g3 Kg6 48. Bf4 Kf5 49. c4 h5 50. Rd8 Rg6 51. Rf8+ Rf6 52.
Rxf6+ Kxf6 53. Kf2 Bc2 54. b4 Bb3 55. c5 Ke6 56. c6 Bd5 57. c7 Kd7 58. Ke3 Kc8
59. Kd4 Bf3 60. Kc5 Bg4 61. Kb6 Be2 62. Kc6 Bg4 63. Kb6 Be2 64. Kc6 Bg4 65. Kb6
1/2-1/2

[Event "Dutch Open 2024"]
[Site "Velp, Netherlands"]
[Date "2024.07.23"]
[Round "1.3"]
[White "Hausrath, Daniel"]
[Black "Weidemann, Jakob"]
[Result "1-0"]
[WhiteElo "2469"]
[BlackElo "2142"]
[PlyCount "129"]

1. Nf3 Nf6 2. g3 b6 3. Bg2 Bb7 4. O-O c5 5. c4 g6 6. d3 Bg7 7. e4 d6 8. Nc3 O-O
9. h3 Nc6 10. Be3 Rc8 11. Qd2 Ne8 12. Bh6 e5 13. h4 Bxh6 14. Qxh6 Qf6 15. Nd5
Qg7 16. Qg5 f6 17. Qd2 Ne7 18. Bh3 Rb8 19. Be6+ Kh8 20. h5 Nxd5 21. cxd5 g5 22.
a4 Nc7 23. Bf5 Bc8 24. g4 Bxf5 25. gxf5 a5 26. h6 Qf7 27. Kg2 Na6 28. Rh1 Nb4
29. Nh2 Qd7 30. Nf1 Rfc8 31. Ng3 Qf7 32. Qe2 Rf8 33. Nh5 Rfc8 34. Ng7 Rg8 35.
Ne6 Rgc8 36. Ra3 Qd7 37. Rh3 Rg8 38. Rg3 Rbc8 39. Ra1 Qf7 40. Qd1 Qe8 41. Qb3
Qd7 42. Qc3 Qe7 43. b3 Qf7 44. Rh1 Na2 45. Qb2 Nb4 46. Rhh3 Ra8 47. Kh2 b5 48.
f4 g4 49. Rh4 bxa4 50. bxa4 Qd7 51. fxe5 dxe5 52. Rhxg4 Rxg4 53. Rxg4 Qxa4 54.
Rg1 Qe8 55. Qe2 Ra7 56. d6 a4 57. Qg4 a3 58. Nc7 Qf8 59. Qg7+ Qxg7 60. hxg7+
Kg8 61. d7 Nc6 62. Nd5 Ra8 63. Nxf6+ Kf7 64. g8=Q+ Rxg8 65. Nxg8 1-0

[Event "Dutch Open 2024"]
[Site "Velp, Netherlands"]
[Date "2024.07.23"]
[Round "1.4"]
[White "Dordevic, Tom"]
[Black "Leenhouts, Koen"]
[Result "0-1"]
[WhiteElo "2133"]
[BlackElo "2454"]
[PlyCount "60"]

1. d4 Nf6 2. Nf3 d5 3. c4 e6 4. g3 c5 5. cxd5 cxd4 6. Bg2 Nxd5 7. O-O Be7 8.
Nxd4 O-O 9. Nc3 Nxc3 10. bxc3 Nd7 11. Qc2 Nc5 12. Rd1 Bd7 13. Nb3 Qc8 14. Ba3
Ba4 15. Rd4 Qe8 16. Qb1 Bxb3 17. axb3 Rc8 18. Bb4 a6 19. Bxc5 Rxc5 20. Bxb7
Rxc3 21. Bxa6 Bf6 22. Rd1 Qc6 23. Bd3 h5 24. Ra5 Rb8 25. Rxh5 Rbxb3 26. Qa2 Ra3
27. Qd2 g6 28. Rb5 Kg7 29. Rbb1 Bd4 30. Bb5 Rxg3+ 0-1

[Event "Dutch Open 2024"]
[Site "Velp, Netherlands"]
[Date "2024.07.23"]
[Round "1.5"]
[White "De Winter, Arthur"]
[Black "Van Kuijk, Vadim"]
[Result "1-0"]
[WhiteElo "2411"]
[BlackElo "2131"]
[PlyCount "73"]

1. e4 c6 2. d4 d5 3. exd5 cxd5 4. Bd3 Nc6 5. c3 Nf6 6. Bf4 Bg4 7. Qb3 Qd7 8.
Nd2 e6 9. Ngf3 Bd6 10. Bxd6 Qxd6 11. O-O O-O 12. Rfe1 Ne7 13. Ne5 Bf5 14. Bxf5
Nxf5 15. Qxb7 Rab8 16. Qxa7 Rxb2 17. Red1 Qb8 18. Qxb8 Rfxb8 19. Rdb1 Ne4 20.
Rxb2 Rxb2 21. Nxe4 dxe4 22. a4 Ne7 23. a5 Nc8 24. Nc6 Rc2 25. a6 Rxc3 26. a7
Nxa7 27. Nxa7 h5 28. Kf1 Rc2 29. Nb5 f5 30. h4 Kf7 31. Ra7+ Kf6 32. Nd6 e5 33.
Ne8+ Ke6 34. Nxg7+ Kd5 35. Ra5+ Kxd4 36. Nxf5+ Kd3 37. Rd5+ 1-0

[Event "Dutch Open 2024"]
[Site "Velp, Netherlands"]
[Date "2024.07.23"]
[Round "1.6"]
[White "Op den Dries, Johan"]
[Black "De Boer, Eelke"]
[Result "0-1"]
[WhiteElo "2120"]
[BlackElo "2384"]
[PlyCount "64"]

1. e4 c5 2. Nc3 d6 3. f4 g6 4. Bb5+ Bd7 5. Bxd7+ Qxd7 6. Nf3 Bg7 7. O-O Nc6 8.
d3 O-O-O 9. a4 f5 10. Be3 Nf6 11. Qe2 e6 12. e5 Nd5 13. Nb5 dxe5 14. fxe5 Nxe3
15. Qxe3 Bf8 16. Nd2 Kb8 17. Nc4 Nd4 18. Qd2 Nxb5 19. axb5 Qxb5 20. Ra5 Qxc4
21. Rfa1 Qb4 22. Qg5 Bg7 23. Rxa7 Rd7 24. Qg3 Qxb2 25. Qe1 Bxe5 26. R7a4 Qc3
27. Qb1 Kc7 28. R1a2 Rd4 29. R4a3 Rb4 30. Qd1 Qd4+ 31. Kh1 Qf4 32. g3 Rb1 0-1

[Event "Dutch Open 2024"]
[Site "Velp, Netherlands"]
[Date "2024.07.23"]
[Round "1.7"]
[White "Maatman, Nick"]
[Black "Gortemaker, Lucas"]
[Result "1-0"]
[WhiteElo "2383"]
[BlackElo "2097"]
[PlyCount "76"]

1. c4 e5 2. g3 Nf6 3. Bg2 c6 4. d4 exd4 5. Qxd4 d5 6. Nf3 Be7 7. O-O O-O 8. Nc3
dxc4 9. Qxc4 Be6 10. Qa4 Qc8 11. Rd1 Na6 12. Nd4 Bh3 13. Bh1 Rd8 14. a3 Nc5 15.
Qc2 Ne6 16. Nf3 Rxd1+ 17. Nxd1 Qc7 18. Ne3 Rd8 19. Bd2 Nd5 20. Nc4 Bf6 21. Rc1
Nb6 22. Na5 Nd4 23. Nxd4 Bxd4 24. b4 Nd5 25. e3 Bf6 26. e4 Ne7 27. Bf4 Qd7 28.
Be3 Bb2 29. Rb1 Bxa3 30. Bf3 c5 31. bxc5 b6 32. cxb6 axb6 33. Bxb6 Rc8 34. Qb3
Rc1+ 35. Rxc1 Bxc1 36. Nc4 Qe6 37. Qd1 Qc8 38. Qb3 Qd7 1-0

[Event "Dutch Open 2024"]
[Site "Velp, Netherlands"]
[Date "2024.07.23"]
[Round "1.8"]
[White "Vosselman, Jan"]
[Black "Baselmans, Luuk"]
[Result "0-1"]
[WhiteElo "2094"]
[BlackElo "2345"]
[PlyCount "56"]

1. d4 Nf6 2. c4 e6 3. Nc3 Bb4 4. Qc2 O-O 5. a3 Bxc3+ 6. Qxc3 b6 7. f3 d5 8. e3
c5 9. b3 Ba6 10. Bb2 dxc4 11. bxc4 cxd4 12. exd4 Nbd7 13. Be2 Rc8 14. Qb3 Re8
15. Qa4 Bb7 16. Rc1 e5 17. d5 Nc5 18. Qd1 b5 19. Nh3 bxc4 20. Bxc4 Qb6 21. Rb1
Bxd5 22. Bxd5 Nxd5 23. Qxd5 Red8 24. Qa2 Nd3+ 25. Kf1 Nxb2 26. Ng5 Rc2 27.
Qxf7+ Kh8 28. Ne4 Qa6+ 0-1

[Event "Dutch Open 2024"]
[Site "Velp, Netherlands"]
[Date "2024.07.23"]
[Round "1.9"]
[White "Slagboom, Leandro"]
[Black "Zwirs, Jasper"]
[Result "1-0"]
[WhiteElo "2331"]
[BlackElo "2088"]
[PlyCount "111"]

1. e4 c5 2. Nf3 d6 3. Bb5+ Nd7 4. O-O a6 5. Bd3 Ngf6 6. c3 e6 7. Bc2 Be7 8. d4
b5 9. a4 Bb7 10. Re1 e5 11. d5 O-O 12. b3 c4 13. bxc4 bxa4 14. Bxa4 Nc5 15. Bc2
Qc7 16. Nbd2 Rfb8 17. h3 Bc8 18. Nf1 a5 19. Ng3 a4 20. Ra3 Nfd7 21. Be3 Nb6 22.
Nd2 g6 23. Qa1 Bd7 24. Rb1 Rf8 25. Kh1 Bf6 26. Rb4 Bg7 27. Qb2 Rab8 28. Ra1 Rb7
29. Rb1 Rfb8 30. Ne2 f5 31. exf5 gxf5 32. f4 Bc8 33. Qc1 Nb3 34. Nxb3 axb3 35.
Bxb3 Nd7 36. fxe5 dxe5 37. c5 Kh8 38. Rxb7 Bxb7 39. c6 Ba6 40. cxd7 Bxe2 41.
Ba4 Bf6 42. Rxb8+ Qxb8 43. Qc2 f4 44. Qxe2 fxe3 45. Qxe3 Qb1+ 46. Kh2 Kg7 47.
Qf2 Qb8 48. Bc2 Qd6 49. Qf5 Qxd5 50. Qxh7+ Kf8 51. Be4 Qd2 52. Qg6 Bg5 53. Qe8+
Kg7 54. Qxe5+ Kf8 55. Qc5+ Kg8 56. Qd5+ 1-0

[Event "Dutch Open 2024"]
[Site "Velp, Netherlands"]
[Date "2024.07.23"]
[Round "1.10"]
[White "Bus, Tom"]
[Black "Odendahl, Reiner"]
[Result "1-0"]
[WhiteElo "2082"]
[BlackElo "2274"]
[PlyCount "67"]

1. Nf3 g6 2. e4 d6 3. d4 Nf6 4. Nc3 Bg7 5. Be2 O-O 6. O-O Nc6 7. Re1 Bg4 8. Be3
e5 9. d5 Ne7 10. a4 c6 11. a5 cxd5 12. exd5 a6 13. Bb6 Qb8 14. Ra4 Rc8 15. h3
Bf5 16. Bc4 Nd7 17. Be3 b5 18. axb6 Nxb6 19. Rb4 Rxc4 20. Rxb6 Qc7 21. Qa1 e4
22. Nb5 Qd7 23. Nxd6 Ra4 24. Qd1 exf3 25. Qxf3 Rf8 26. c4 Be5 27. Bc5 f6 28.
Rb7 Qd8 29. Nxf5 Nxf5 30. Bxf8 Qxf8 31. Qb3 Ra5 32. Qb6 Qc5 33. Qe6+ Kh8 34.
Qe8+ 1-0

[Event "Dutch Open 2024"]
[Site "Velp, Netherlands"]
[Date "2024.07.23"]
[Round "1.12"]
[White "Kurt, Sascha"]
[Black "Stillger, Bernhard"]
[Result "1/2-1/2"]
[WhiteElo "2071"]
[BlackElo "2263"]
[PlyCount "49"]

1. e4 c6 2. d4 d5 3. e5 Bf5 4. Nf3 e6 5. Be2 Ne7 6. c3 Nd7 7. O-O Ng6 8. Nbd2
f6 9. exf6 Qxf6 10. Re1 Bd6 11. Nf1 O-O 12. Bg5 Qf7 13. Ng3 Bg4 14. Be3 Nf4 15.
Bxf4 Qxf4 16. Qd2 Rae8 17. Qxf4 Bxf4 18. Nf1 Bxf3 19. Bxf3 e5 20. dxe5 Nxe5 21.
Be2 Nd7 22. Bd3 Ne5 23. Be2 Nd7 24. Bd3 Ne5 25. Be2 1/2-1/2

[Event "Dutch Open 2024"]
[Site "Velp, Netherlands"]
[Date "2024.07.23"]
[Round "1.13"]
[White "Hilwerda, Jonas"]
[Black "Wink, Luka"]
[Result "1/2-1/2"]
[WhiteElo "2257"]
[BlackElo "2066"]
[PlyCount "70"]

1. e4 c5 2. Nf3 e6 3. d4 cxd4 4. Nxd4 Nf6 5. Nc3 Nc6 6. Ndb5 d6 7. Bf4 e5 8.
Bg5 a6 9. Na3 b5 10. Nd5 Be7 11. Bxf6 Bxf6 12. c4 b4 13. Nc2 O-O 14. g3 Rb8 15.
b3 Bg5 16. h4 Bh6 17. Bh3 Be6 18. Kf1 Qd7 19. Kg2 f5 20. exf5 Bxf5 21. Bxf5
Rxf5 22. g4 Rf7 23. g5 Rbf8 24. f4 exf4 25. gxh6 Ne5 26. Kf1 Qf5 27. Ne1 Qe4
28. Ng2 gxh6 29. Qd2 f3 30. Ngf4 f2 31. Rh2 Rxf4 32. Nxf4 Rxf4 33. Rg2+ Kf7 34.
Qxd6 Ng4 35. Qd7+ Kf6 1/2-1/2

[Event "Dutch Open 2024"]
[Site "Velp, Netherlands"]
[Date "2024.07.23"]
[Round "1.14"]
[White "Koster, Chiel"]
[Black "Grooten, Herman"]
[Result "1/2-1/2"]
[WhiteElo "2058"]
[BlackElo "2211"]
[PlyCount "131"]

1. e4 c6 2. Nc3 d5 3. g3 dxe4 4. Nxe4 Bf5 5. d3 Nd7 6. Bg2 Ngf6 7. Qe2 e6 8.
Nf3 Be7 9. Bd2 Qb6 10. O-O h6 11. Be3 Qa6 12. Nxf6+ Bxf6 13. Bd4 O-O 14. Bxf6
Nxf6 15. Ne5 Rad8 16. Rfd1 Nd5 17. c4 Ne7 18. d4 Bh7 19. Qe1 Rfe8 20. Qc3 f6
21. Nd3 Bxd3 22. Rxd3 Nf5 23. Bh3 Nd6 24. b3 Ne4 25. Qc2 Qb6 26. Bg2 Ng5 27.
Rad1 Qc7 28. R3d2 Nf7 29. d5 cxd5 30. cxd5 Qxc2 31. Rxc2 Re7 32. Re1 e5 33. Rd1
Nd6 34. Rdc1 Kf7 35. Rc7 Rdd7 36. Rxd7 Rxd7 37. Kf1 Ke7 38. Bh3 f5 39. g4 g6
40. gxf5 gxf5 41. Ke2 Kf6 42. Bg2 Rg7 43. Bf1 e4 44. f4 exf3+ 45. Kxf3 Ke5 46.
Bc4 Rg4 47. a4 Ne4 48. Rd1 Rf4+ 49. Ke3 Rh4 50. d6 Nxd6 51. Rd5+ Ke6 52. Rc5+
Kf6 53. Bd5 Rxh2 54. Rc7 Rh3+ 55. Kd4 a5 56. Kc5 Ne4+ 57. Kd4 Rh4 58. Rf7+ Kg6
59. Ke5 Ng3 60. Rxb7 Rh2 61. b4 axb4 62. Rxb4 Re2+ 63. Kf4 Rd2 64. Rb6+ Kg7 65.
Bb3 Ne2+ 66. Kxf5 1/2-1/2

[Event "Dutch Open 2024"]
[Site "Velp, Netherlands"]
[Date "2024.07.23"]
[Round "1.15"]
[White "Panjer, Sidney"]
[Black "Saketh, Pedagandham"]
[Result "0-1"]
[WhiteElo "2204"]
[BlackElo "2051"]
[PlyCount "78"]

1. Nf3 Nf6 2. c4 e6 3. g3 b6 4. Bg2 Bb7 5. O-O Be7 6. d4 O-O 7. Re1 Ne4 8. Nfd2
d5 9. cxd5 exd5 10. Nxe4 dxe4 11. Nc3 f5 12. Bf4 Bd6 13. Bxd6 cxd6 14. Rc1 Nc6
15. e3 Rc8 16. Qa4 Na5 17. Bf1 a6 18. b4 Nc4 19. Red1 Rf7 20. Qb3 Rfc7 21. Rc2
d5 22. Rdc1 b5 23. a4 Bc6 24. Ra2 bxa4 25. Qd1 Bb5 26. Ne2 Nxe3 27. fxe3 Bxe2
28. Qxe2 Rxc1 29. Qxa6 Qg5 30. Re2 a3 31. Qxa3 h5 32. b5 Qg4 33. Rf2 h4 34. Qd6
hxg3 35. hxg3 R8c2 36. Rxc2 Rxc2 37. Qxd5+ Kh7 38. Bg2 Qd1+ 39. Kh2 Qf3 0-1

[Event "Dutch Open 2024"]
[Site "Velp, Netherlands"]
[Date "2024.07.23"]
[Round "1.16"]
[White "Van de Pavoordt, Max"]
[Black "Ritzerveld, Noah"]
[Result "1/2-1/2"]
[WhiteElo "2044"]
[BlackElo "2181"]
[PlyCount "153"]

1. c4 e5 2. Nc3 Nf6 3. g3 d5 4. cxd5 Nxd5 5. Bg2 Nb6 6. Nf3 Nc6 7. O-O Be7 8.
d3 O-O 9. Be3 Be6 10. Ne4 f6 11. a3 a5 12. Nc5 Bxc5 13. Bxc5 Re8 14. Rc1 Qd7
15. Nd2 Nd5 16. Qa4 Rad8 17. Rfe1 Qf7 18. Qb5 Rb8 19. Ne4 h6 20. Be3 Nxe3 21.
fxe3 Kh8 22. Nc5 Bd5 23. e4 Nd4 24. Qd7 Red8 25. Qxf7 Bxf7 26. Bh3 Rd6 27. Kf2
c6 28. Nd7 Re8 29. Nb6 Nb3 30. Rc3 c5 31. Nd5 Bxd5 32. exd5 a4 33. e4 Ra8 34.
Bg4 Ra5 35. Bd1 Nd4 36. Bc2 Rb6 37. Rb1 Rab5 38. Bxa4 Rxb2+ 39. Rxb2 Rxb2+ 40.
Kf1 Rb1+ 41. Kf2 b5 42. Bc2 Rb2 43. d6 b4 44. axb4 cxb4 45. Rc8+ Kh7 46. d7 Ne6
47. Ke3 b3 48. Bxb3 Rxb3 49. Re8 Rb7 50. Rxe6 Rxd7 51. Rb6 Rc7 52. Rb2 Rc1 53.
Rd2 Kg6 54. Kf3 Kg5 55. Kg2 g6 56. Kf3 f5 57. h3 Kf6 58. Rb2 Rf1+ 59. Kg2 Rd1
60. Rb3 Kg5 61. Kf3 Rd2 62. Rc3 Rd1 63. Rb3 f4 64. h4+ Kh5 65. gxf4 Rf1+ 66.
Kg2 Rxf4 67. Rb5 Kxh4 68. Rxe5 g5 69. d4 g4 70. d5 g3 71. d6 Rf2+ 72. Kg1 Rf8
73. d7 Rd8 74. Re7 h5 75. Kg2 Kg4 76. e5 h4 77. Rg7+ 1/2-1/2

[Event "Dutch Open 2024"]
[Site "Velp, Netherlands"]
[Date "2024.07.23"]
[Round "1.17"]
[White "Evengroen, Jan"]
[Black "Aarav Sarbalia"]
[Result "0-1"]
[WhiteElo "2176"]
[BlackElo "2042"]
[PlyCount "62"]

1. e4 c5 2. Nf3 d6 3. d4 cxd4 4. Nxd4 Nf6 5. Nc3 a6 6. Be3 e5 7. Nb3 Be7 8. f3
Be6 9. Qd2 h5 10. O-O-O Nbd7 11. Kb1 b5 12. Qf2 Qc7 13. h3 h4 14. Rg1 Rb8 15.
g4 hxg3 16. Qxg3 g6 17. Qh2 Nb6 18. f4 Nc4 19. Bc1 Na3+ 20. bxa3 Qxc3 21. fxe5
Qxe5 22. Bf4 Qh5 23. Re1 Ng4 24. Qd2 Ne5 25. Nd4 Nf3 26. Nxf3 Qxf3 27. Rg3 Qh5
28. Bd3 Qc5 29. Be3 Qxa3 30. c3 b4 31. Ka1 bxc3 0-1

[Event "Dutch Open 2024"]
[Site "Velp, Netherlands"]
[Date "2024.07.23"]
[Round "1.18"]
[White "Hng, Mei-Xian Eunice"]
[Black "Kazarjan, Gachatur"]
[Result "1/2-1/2"]
[WhiteElo "2036"]
[BlackElo "2174"]
[PlyCount "96"]

1. e4 c5 2. d4 cxd4 3. c3 Nf6 4. e5 Nd5 5. Qxd4 e6 6. Bd3 Nc6 7. Qe4 f5 8. exf6
Nxf6 9. Qh4 d5 10. Nf3 e5 11. Bg6+ hxg6 12. Qxh8 Bf5 13. b3 Qa5 14. Ba3 O-O-O
15. Bxf8 Nd7 16. O-O Nxf8 17. Qh4 Ne6 18. a4 Nf4 19. b4 Qc7 20. Nbd2 Rf8 21.
Rfe1 e4 22. Nd4 Nxd4 23. cxd4 Nd3 24. Nb3 Nxe1 25. Rxe1 Kb8 26. Rc1 Qd6 27. Qg3
Qxg3 28. hxg3 Re8 29. Rc3 b6 30. Kf1 Bd7 31. a5 Bb5+ 32. Ke1 Rh8 33. Kd2 Rh2
34. Ke3 Rxg2 35. Rc1 Rh2 36. Nd2 g5 37. Nb1 g4 38. Nc3 Bc4 39. Nxe4 Rh6 40. Kf4
b5 41. Nc5 Rf6+ 42. Ke5 Rxf2 43. Kd6 Rf6+ 44. Kd7 Rf7+ 45. Ke6 Rf3 46. Kd6 Rf6+
47. Kd7 Rf7+ 48. Ke6 Rf6+ 1/2-1/2

[Event "Dutch Open 2024"]
[Site "Velp, Netherlands"]
[Date "2024.07.23"]
[Round "1.19"]
[White "Bakija, Alan"]
[Black "Goudriaan, Rafael"]
[Result "1/2-1/2"]
[WhiteElo "2171"]
[BlackElo "2028"]
[PlyCount "48"]

1. Nf3 d5 2. g3 Nc6 3. d4 Bf5 4. Bg2 e6 5. c4 Nb4 6. O-O Nc2 7. cxd5 Nxa1 8. e4
Bxe4 9. dxe6 fxe6 10. Nc3 Bxf3 11. Bxf3 Qd7 12. Bxb7 Rb8 13. Bf3 Nf6 14. Bg5
Be7 15. Qxa1 O-O 16. Re1 Qxd4 17. Be3 Qd7 18. Bxa7 Rbd8 19. a4 Bb4 20. Qa2 Rde8
21. Qc4 Bxc3 22. bxc3 Nd5 23. Bg4 Kh8 24. a5 Nf6 1/2-1/2

[Event "Dutch Open 2024"]
[Site "Velp, Netherlands"]
[Date "2024.07.23"]
[Round "1.20"]
[White "Zecha, Oscar"]
[Black "Labruyere, Roger"]
[Result "0-1"]
[WhiteElo "1999"]
[BlackElo "2170"]
[PlyCount "116"]

1. e4 c5 2. Nf3 d6 3. d4 cxd4 4. Nxd4 Nf6 5. Nc3 a6 6. f3 e5 7. Nb3 Be6 8. Be3
Be7 9. Qd2 h5 10. O-O-O Nbd7 11. Kb1 Qc7 12. Be2 b5 13. Nd5 Bxd5 14. exd5 Nb6
15. Bxb6 Qxb6 16. Na5 Rc8 17. c4 bxc4 18. Nxc4 Qa7 19. Na5 Rc5 20. Rc1 Rxd5 21.
Qb4 O-O 22. Nc6 a5 23. Qb3 Qd7 24. Bb5 Bd8 25. a4 Qf5+ 26. Ka1 Rd2 27. Rhd1
Rxd1 28. Rxd1 d5 29. Qe3 Qc2 30. Rc1 Qxg2 31. Qxe5 Qxf3 32. Rg1 Ng4 33. Qxh5
Bf6 34. Ne7+ Bxe7 35. Rxg4 Qe3 36. Qf5 Qe6 37. Qf3 Rc8 38. Rg1 Bf6 39. Rd1 Qe5
40. Qb3 Qxh2 41. Re1 Qf4 42. Ka2 Rd8 43. Rh1 Qe5 44. Bd3 Rb8 45. Bb5 g6 46. Rd1
Rd8 47. Rd2 Kg7 48. Re2 Qg5 49. Be8 Qg4 50. Bb5 Qg1 51. Be8 Qc5 52. Bb5 Rc8 53.
Rd2 Qc1 54. Rf2 Qe1 55. Qf3 Qe5 56. Bd7 Rc4 57. Qd3 Rb4 58. Qd2 Qd6 0-1

[Event "Dutch Open 2024"]
[Site "Velp, Netherlands"]
[Date "2024.07.23"]
[Round "1.21"]
[White "Vos, Tjark"]
[Black "Van Foreest, Nanne"]
[Result "1-0"]
[WhiteElo "2170"]
[BlackElo "1985"]
[PlyCount "71"]

1. e4 c5 2. Nf3 e6 3. d4 cxd4 4. Nxd4 Nf6 5. Nc3 Nc6 6. Ndb5 Bc5 7. Nd6+ Ke7 8.
Bf4 e5 9. Nf5+ Kf8 10. Bg5 h6 11. Bxf6 Qxf6 12. Bc4 d6 13. Ne3 g6 14. Qd2 Kg7
15. O-O-O a6 16. Ncd5 Qd8 17. g3 b5 18. Bb3 a5 19. c3 a4 20. Bc2 Qa5 21. a3 Qa7
22. f4 Na5 23. Kb1 Be6 24. f5 Bxd5 25. Nxd5 Nc4 26. Qe2 Rad8 27. Rhf1 Rhf8 28.
Rf3 Qa6 29. Rdf1 Rb8 30. fxg6 b4 31. Rxf7+ Rxf7 32. Rxf7+ Kxg6 33. Rf6+ Kh7 34.
Qh5 Nxa3+ 35. bxa3 bxc3+ 36. Ka1 1-0

[Event "Dutch Open 2024"]
[Site "Velp, Netherlands"]
[Date "2024.07.23"]
[Round "1.22"]
[White "Krylov, Philippe"]
[Black "Shakhverdian, William"]
[Result "1/2-1/2"]
[WhiteElo "1974"]
[BlackElo "2157"]
[PlyCount "53"]

1. d4 d5 2. c4 e6 3. Nc3 a6 4. cxd5 exd5 5. Bf4 Nf6 6. e3 Bd6 7. Bxd6 Qxd6 8.
Bd3 O-O 9. Qc2 Nc6 10. a3 Re8 11. Nge2 Bg4 12. O-O Bh5 13. Ng3 Bg6 14. Rad1
Rad8 15. Na4 Bxd3 16. Qxd3 Qd7 17. Nc5 Qc8 18. Qf5 Qb8 19. Nh5 Nxh5 20. Qxh5
Ne7 21. Rc1 c6 22. Rc3 Qa7 23. Rb3 b6 24. Na4 Rb8 25. Rc1 g6 26. Qg5 Nf5 27. g4
1/2-1/2

[Event "Dutch Open 2024"]
[Site "Velp, Netherlands"]
[Date "2024.07.23"]
[Round "1.23"]
[White "Van Rootselaar, Rik"]
[Black "Schuricht, Emil Frederick"]
[Result "1-0"]
[WhiteElo "2152"]
[BlackElo "1973"]
[PlyCount "65"]

1. d4 d5 2. c4 c6 3. Nf3 Nf6 4. g3 e6 5. Bg2 Nbd7 6. O-O Be7 7. Qc2 O-O 8. Nbd2
b6 9. Rd1 Bb7 10. e4 c5 11. cxd5 exd5 12. e5 Ne4 13. Nxe4 dxe4 14. Ne1 cxd4 15.
Bxe4 Bxe4 16. Qxe4 Bc5 17. Nf3 Qe7 18. Bf4 Rfe8 19. a3 a5 20. b4 axb4 21. axb4
Rxa1 22. Rxa1 Bxb4 23. Ra7 Rd8 24. Ng5 g6 25. Qxd4 h6 26. Ne4 Nxe5 27. Qxe5
Qxa7 28. Nf6+ Kh8 29. Ne8+ f6 30. Qxf6+ Kh7 31. Qxd8 Be7 32. Qd4 Qb7 33. Qg7#
1-0

[Event "Dutch Open 2024"]
[Site "Velp, Netherlands"]
[Date "2024.07.23"]
[Round "1.24"]
[White "Smit, Manuel"]
[Black "Grooten, Tommy"]
[Result "0-1"]
[WhiteElo "1969"]
[BlackElo "2146"]
[PlyCount "76"]

1. Nf3 c5 2. b3 d5 3. e3 Nf6 4. Bb2 e6 5. Bb5+ Bd7 6. a4 a6 7. Bxd7+ Nbxd7 8.
O-O Bd6 9. d4 cxd4 10. exd4 O-O 11. Nbd2 Rc8 12. Re1 Re8 13. c4 dxc4 14. bxc4
Bf8 15. a5 Nb8 16. Qb3 Nc6 17. Bc3 Re7 18. Ne4 Nxe4 19. Rxe4 Rd7 20. Qb2 Ne7
21. Ne5 Rdc7 22. c5 Qd5 23. Ree1 Nc6 24. Nf3 Rd8 25. h3 g6 26. Rad1 Bg7 27. Rd2
Qc4 28. Red1 Rcd7 29. Rc1 Qd5 30. Rcd1 Qh5 31. Ne1 Na7 32. Nc2 Nb5 33. Na3 Nxc3
34. Qxc3 Rxd4 35. g4 Rxd2 36. Rxd2 Rxd2 37. Qxd2 Qxh3 38. Qb4 Be5 0-1